000 00360nam a2200145Ia 4500
008 230711s9999||||xx |||||||||||||| ||und||
041 _aENG
082 _a621
_bFA-H
100 _aFang,Hsai-Yang
245 0 _aHandbook foundation engineering
250 _a1st
260 _c1990
_aNew York
_bVan Nostrand Reinhold Co.
650 _aCivil Engineering
942 _cBK
999 _c984
_d984